| 000 | 01028nam a22002777a 4500 | ||
|---|---|---|---|
| 999 |
_c65168 _d65168 |
||
| 005 | 20240530110810.0 | ||
| 008 | 190417s2007 ua a f b 000 0 ara d | ||
| 017 |
_a2007/23925 _2مصر . دار الكتب |
||
| 020 | _a9774375254 | ||
| 040 | _aEG-CaGPL | ||
| 082 | 0 | 4 |
_221 _a792.022 / _bج م |
| 100 | 1 | _aجوناريدو، كيكى | |
| 245 | 1 | 0 |
_aمسرحة النزعة القومية / _cتأليف كيكى جوناريدو ؛ ترجمة سحر فراج ؛ مراجعة محمد عنانى |
| 250 | _aط.1 | ||
| 260 |
_aالقاهرة : _bمطابع المجلس الاعلى للاثار ، _c2007 . |
||
| 300 |
_a243 ص. ؛ _c24 سم. |
||
| 650 | 0 | 7 |
_aالمسرح _zاوربا |
| 650 | 0 | 7 |
_aالمسرح _zامريكا |
| 650 | 0 | 7 |
_aالمسرح _zالجزائر |
| 650 | 0 | 7 |
_aالمسرح _zاليابان |
| 650 | 0 | 7 | _aالاخراج المسرحى |
| 700 | 0 |
_aسحر فراج _eمترجم |
|
| 700 | 0 |
_aمحمد عنانى _eمراجع |
|
| 942 |
_2ddc _cBK |
||